[Event "Moscow Petrosian Memorial U18"]
[Site "Moscow"]
[Date "1998.??.??"]
[Round "?"]
[White "Sepman, Yulius"]
[Black "Lylov, Igor"]
[Result "0-1"]
[WhiteElo "2155"]
[BlackElo "2130"]
[PlyCount "62"]
[EventDate "1998.??.??"]
[EventType "swiss"]
[EventRounds "9"]
[EventCountry "RUS"]
[SourceTitle "EXT 1999"]
[Source "ChessBase"]
[SourceDate "1998.11.16"]
[SourceVersion "1"]
[SourceVersionDate "1998.11.16"]
[SourceQuality "1"]

1. e4 e5 2. Nf3 Nc6 3. Bb5 a6 4. Ba4 Nf6 5. Bxc6 dxc6 6. d3 Bc5 7. 0-0 Qe7 8. Nbd2 Bg4 9. Nc4 0-0-0 10. Qe2 Nh5 11. Kh1 Nf4 12. Bxf4 exf4 13. c3 Be6 14. d4 Ba7 15. b4 g5 16. Nfd2 g4 17. f3 g3 18. h3 Qh4 19. Nb3 Rhg8 20. Kg1 Rg5 21. Nc5 Bxh3 22. gxh3 g2 23. Rf2 Qxh3 24. Rxg2 Rdg8 25. Rg4 Rxg4+ 26. fxg4 Rxg4+ 27. Qxg4+ Qxg4+ 28. Kf2 Qg3+ 29. Ke2 b5 30. Nd2 Qe3+ 31. Kd1 Qg1+ 0-1